| 000 | 00939 a2200229 4500 | ||
|---|---|---|---|
| 001 | 26888 | ||
| 005 | 20260407155546.0 | ||
| 008 | 260407a1982 arg spa d | ||
| 003 | AR-UNSa-BCEJYS | ||
| 040 |
_aAR-UNSa-BCEJYS _bspa _cAR-UNSa-BCEJYS |
||
| 080 |
_a711(09) _xHistoría del Urbanismo |
||
| 245 | 1 | 0 |
_aHistoria del urbanismo _pEl siglo XVII |
| 020 | _a84-7088-293-7 | ||
| 264 | 1 |
_aMadrid : _bInstituto de Estudios de Administración Local _c1982 |
|
| 300 |
_a641 p. _c25 cm. |
||
| 505 | _a1. Italia, El Mediterraneo y el Imperio Español - 2. La Europa del centro-norte: el urbanismo moderno y la primera expansión colonial - 3. El area católica: La Roma de Alejandro VII y las colonias españolas - 4. La Francia de Luis XIV - 5. La Europa Centro-Nordica e Inglaterra | ||
| 942 | _cBK | ||
| 590 | _aniveau_biblio:m niveau_hierar:0 | ||
| 100 | 1 | _aGuidoni, Enrico | |
| 700 | 1 | _aMarino, Angela | |
| 700 | 1 | _aVioque Lozano, Juan | |
| 999 |
_c1509 _d1509 |
||